50 years of innovation NORDSON CORPORATION. Annual report to shareholders 2004.

Gespeichert in:
Bibliographische Detailangaben
Körperschaft: Nordson Corporation (Westlake) (VerfasserIn)
Format: Buch
Sprache:Englisch
Veröffentlicht: [S.l.] : [s.n.], 2004
Ausgabe:[1st ed.]
Schlagworte:
Online-Zugang: Volltext
Tags: Tag hinzufügen
Keine Tags, Fügen Sie den ersten Tag hinzu!

MARC

LEADER 00000nam a2200000 4500
003 SK-BrCVT
005 20220621162223.0
008 070209s2004 xxu e ||||||eng d
035 |a CVTIDW1397244 
040 |b slo  |a CVTI SR  |e AACR2 
041 0 |a eng 
044 |a xxu 
080 |a 06.055  |2 UDC-MRF 
110 2 |a Nordson Corporation (Westlake)  |4 aut 
242 1 0 |a 50 rokov inovácie. Výročná správa pre akcionárov 
245 1 0 |a 50 years of innovation NORDSON CORPORATION. Annual report to shareholders 2004. 
250 |a [1st ed.] 
260 |a [S.l.] :  |b [s.n.],  |c 2004 
300 |a Preruš. str. :  |b fotogr., grafy, obr., tab. ; 
653 1 |a dávkovacie zariadenie 
910 |b F026566 
959 |a 0100 
974 |f Firemná literatúra 
992 |a FFK 
992 |a FVY 
999 |c 148687  |d 148687